The economic problems of forestry in the Appalachian Region. (Record no. 16760)

000 -LEADER
fixed length control field 00418cam a2200145u 4500
040 ## - CATALOGING SOURCE
Transcribing agency CarP
082 ## - DEWEY DECIMAL CLASSIFICATION NUMBER
Classification number 634 CAM 1949 A106 Or.
100 1# - MAIN ENTRY--AUTHOR NAME
Personal name Duerr, William A.
245 14 - TITLE STATEMENT
Title The economic problems of forestry in the Appalachian Region.
260 ## - PUBLICATION, DISTRIBUTION, ETC. (IMPRINT)
Place of publication Cambridge,
Name of publisher harvard Univ. Press,
Year of publication 1949.
300 ## - PHYSICAL DESCRIPTION
Number of Pages xi, 317 p.
Other physical details diagrs.
Dimensions 23 cm.
650 #0 - SUBJECT ADDED ENTRY--TOPICAL TERM
Topical Term Forests and forestry
650 #0 - SUBJECT ADDED ENTRY--TOPICAL TERM
Topical Term Forests and forestry
942 ## - ADDED ENTRY ELEMENTS (KOHA)
Koha item type សៀវភៅភាសាអង់គ្លេស
952 ## - LOCATION AND ITEM INFORMATION (KOHA)
Withdrawn status [LOCAL, KOHA] 0
Holdings
Permanent Location Date acquired Koha item type Lost status Shelving location Barcode Current Location Full call number
Library Block A2018-04-24សៀវភៅភាសាអង់គ្លេស A109A15086Library Block A634 CAM 1949 A109 Or.
មជ្ឈមណ្ឌលឯការនៃសាកលវិទ្យាល័យភូមិន្ទកសិកម្មចំការដូង

Powered by Koha